000 00551nam a2200193Ia 4500
003 LK-CoDNM
008 010623t2001 xxu||||| |||| 00| 1 sin d
040 _aLK-CoDNM
_dLK-CoDNM
_eLK-CoDNM
041 _asin
080 _a23KER
100 _aJayathilaka,Bhadrajee Mahinda
_etr.
245 _aජේසුතුමන් දඹදිව විසූ වගයි
246 _aJesutuman Dhabadiwa Visu Wagai
260 _bSarasavi
_aNugegoda
_c2001
300 _b222p., 21 cm
650 _aChristianity
700 _aKersten,Holger
942 _cBK
999 _c121181
_d121181